000 00591nam a2200181Ia 4500
008 100921s9999 xx 000 0 und d
082 _b9427
_a891.461 थ 64
100 _aकुसुमाग्रज (शिरवाडकर वि.वा.).
245 _aहिमरेषा.
260 _bदेशमुख आणि कंपनी,पुणे.
_c1964
300 _a106
_b---
365 _b4
520 _aललित-काव्य.
630 _aहिमरेषा.
650 _aललित-काव्य.
730 _aहिमरेषा.
942 _cBOOK
999 _c758540
_d758537